| 000 | 01725cam a2200373 a 4500 | ||
|---|---|---|---|
| 001 | 15871783 | ||
| 003 | Nust- CAS-E | ||
| 005 | 20180118181358.0 | ||
| 008 | 090818s2009 enka b 001 0 eng | ||
| 010 | _a 2009033881 | ||
| 015 |
_aGBA732849 _2bnb |
||
| 016 | 7 |
_a013735763 _2Uk |
|
| 020 | _a9780470015001 | ||
| 020 | _a0470015004 | ||
| 035 | _a(OCoLC)ocn431936159 | ||
| 040 |
_aDLC _cDLC _dBWKUK _dBWK _dYDXCP _dCDX _dAGL _dTTU _dUKM _dBWX _dDEBBG _dDLC |
||
| 050 | 0 | 0 |
_aTJ820 _b.M374 2009 |
| 070 | 0 |
_aTJ820 _b.M374 2009 |
|
| 082 | 0 | 0 |
_a621.312136 _222 _bMAN 2009 |
| 084 |
_aZP 3710 _2rvk |
||
| 100 | 1 | _aManwell, J. F. | |
| 245 | 1 | 0 |
_aWind energy explained : _btheory, design and application / _cJ.F. Manwell and J.G. McGowan, Anthony Rogers. |
| 250 | _a2nd ed. | ||
| 260 |
_aChichester, U.K. : _bWiley, _c2009. |
||
| 300 |
_axii, 689 p. : _bill. ; _c25 cm. |
||
| 504 | _aIncludes bibliographical references and index. | ||
| 505 | 0 | 0 |
_gIntroduction: _tModern wind energy and its origins -- _tWind characteristics and resources -- _tAerodynamics of wind turbines -- _tMechanics and dynamics -- _tElectrical aspects of wind turbines -- _tWind turbine materials and components -- _tWind turbine design and testing -- _tWind turbine control -- _tWind turbine siting, system design, and integration -- _tWind energy applications -- _tWind energy system economics -- _tWind energy systems: Environmental aspects and impacts. |
| 650 | 0 | _aWind power. | |
| 700 | 1 | _aMcGowan, J. G. | |
| 700 | 1 |
_aRogers, Anthony L., _d1948- |
|
| 906 |
_a7 _bcbc _corignew _d1 _eecip _f20 _gy-gencatlg |
||
| 942 |
_2ddc _cBK |
||
| 999 |
_c355348 _d355348 |
||